000 00654nam a22001937a 4500
005 20260224170220.0
008 260224b ||||fr|||| 00| 0 eng d
020 _a0-19-502208-4
040 _aCENDOC CAAAP
_bspa
_cCAAAP
041 _aeng
050 _aFE 43.T1
_bW16
100 1 _9254
_aWagley, Charles
245 1 _aWelcome of tears :
_bthe Tapirape indians of central Brazil /
_cCharles Wagley
250 _a1ra edición
260 1 _aNew York, Estados Unidos :
_bOxford University Press,
_c1977.
300 _a328 páginas :
_bfotografias,
_c24 x 17
650 0 _9100
_aIndígenas
_vConflicto social
_xAntropologia
_zBrasil
942 _2lcc
_bDD - MM - AA
999 _c4432
_d4432